000 00274nam a22001097a 4500
999 _c65235
_d65232
082 _a332.6722 Z I A
100 _aضیاء اقبال شاھد
245 _aچھوتی صنتوں میں سرمایہ کاری
260 _aراولپنڈی
300 _a۳۱۲
942 _cBK